01525nam a2200349 i 4500001001000000003000900010005001700019007000300036008004100039020001500080040003000095041000800125082002400133245012400157264006500281300004500346336002700391337003300418338002800451500004900479500024700528500007700775650004800852650004700900650005300947700003701000700001801037700002301055700002901078700002901107710003901136000003317DO-SdBNP20251107134428.0ta090707s2001 dr a r 000 0 spa d a9993430129 aDO-SdBNPbspacBNPHUerda aspa 4a336.7293bR121p22200aRacionalización presupestaria y política de gasto pública /celaborado por, Andrés Dauhajre, hijo ... [et al.]. 1aSanto Domingo :bFundación Economía y Desarrollo,c2001. a534 páginas :bilustraciones ;c27 cm. atextobtxt2rdacontent asin mediaciónbn2rdamedia avolumenbnc2rdacarrier aIncluye anexo estadístico y metodológico aLa elaboración de este proyecto fue posible gracias a la donación de la Agencia para el Desarrollo internacional del Gobierno de los Estados Unidos(US. AID) y el apoyo técnico recibido de la Oficina Nacional de Planificación (ONAPLAN) aIncluye referencias bibliográficas y notas al final de los capítulos 0aFinanzas públicaszRepública Dominicana 0aGastos públicos zRepública Dominicana 4aRecursos presupuestarioszRepública Dominicana1 aDauhajre, Andrés,eeditor4ed.1 aAristy, Jaime1 aMera Peguero, Rita1 aMéndez Gómez, Arturo1 aSalcedo Llibre, Héctor2 aFundación economía y desarollo